| 000 | 00349nam a22001457a 4500 | ||
|---|---|---|---|
| 008 | 240126b ||||| |||| 00| 0 eng d | ||
| 020 | _a 1563318296 | ||
| 041 | _aeng | ||
| 080 |
_21999 FIRST EDITION _a591 |
||
| 082 | _a591PAL | ||
| 100 | _a10.1 | ||
| 101 | _aZOO | ||
| 245 |
_aATLAS OF THE PREHISTORIC WORLD _cDOUGLAS PALMER |
||
| 942 |
_2udc _cBK |
||
| 999 |
_c60559 _d60559 |
||